Statistics for Random Leader to Country

Click here to take the quiz!

General Stats

  • This quiz has been taken 281 times
  • The average score is 8 of 15

Answer Stats

LeaderCountry% Correct
Kim Jong-unNorth Korea
100%
Joe BidenUnited States
96%
Vladimir PutinRussia
95%
Boris JohnsonUnited Kingdom
95%
Angela MerkelGermany
88%
Pope FrancisVatican City
87%
Emmanuel MacronFrance
86%
Nguyễn Phú TrọngVietnam
85%
Justin TrudeauCanada
84%
Recep Tayyip ErdoğanTurkey
83%
Benjamin NetanyahuIsrael
79%
Giuseppe ConteItaly
74%
Jair BolsonaroBrazil
73%
Andrés Manuel López ObradorMexico
65%
Yoshihide SugaJapan
64%
Jacinda ArdernNew Zealand
63%
Ali KhameneiIran
61%
Mateusz MorawieckiPoland
60%
Sebastian KurzAustria
59%
Narendra ModiIndia
58%
Scott MorrisonAustralia
56%
Imran KhanPakistan
56%
Mahinda RajapaksaSri Lanka
52%
Mette FrederiksenDenmark
50%
Aung San Suu KyiMyanmar
50%
Pedro SánchezSpain
45%
Uhuru KenyattaKenya
43%
Lee Hsien LoongSingapore
37%
Ukhnaagiin KhürelsükhMongolia
36%
Leo VaradkarIreland
35%
Sheikh HasinaBangladesh
33%
Rodrigo DutertePhilippines
31%
Sebastián PiñeraChile
29%
Sanna MarinFinland
29%
Cyril RamaphosaSouth Africa
28%
Ashraf GhaniAfghanistan
26%
António CostaPortugal
26%
KP Sharma OliNepal
25%
Sophie WilmèsBelgium
22%
Alberto FernándezArgentina
21%
Moustafa MadboulyEgypt
18%
Lotay TsheringBhutan
15%
Abiy AhmedEthiopia
15%
Muhammadu BuhariNigeria
13%
Muhyiddin YassinMalaysia
11%
James MarapePapua New Guinea
11%
Miguel Díaz-CanelCuba
6%

Score Distribution

Percentile by Number Answered

Percent of People with Each Score

Your Score History

You have not taken this quiz